000 00723nam a22002292 4500
001 0000012652
005 20151217155852.0
008 090303s xx 000 0 eng d
020 _a2831704847 :
040 _aKABU
_cKABU
100 1 _aWynberg, Rachel.
_@0000169533
245 1 0 _aLand reform and conservation areas in South Africa /
_cRachel Wynberg and Thembela Kepe.
250 _a1st ed.
260 _aPretoria :
_bIUCN,
_c1999.
300 _a79 p.
650 0 _aLand reform
_zSouth Africa.
_@0000166629
650 0 _aLand use
_zSouth Africa.
_@0000167363
700 1 _aKepe, Thembela.
_@0000169534
852 1 _9p500 KES
908 _a090303
950 _@1
999 _c13505
_d13505